| 000 | 01237nam a2200265 a 4500 | ||
|---|---|---|---|
| 008 | 120416s1994 ||||||||||||||||| || u | ||
| 020 | _a0750609966 | ||
| 050 | _aHG 173 Str | ||
| 100 | _aWard, Keith | ||
| 245 | 1 | 0 | _aStrategic issues in finance |
| 246 | _aKeith Ward | ||
| 260 |
_aOxford _bButterworth-Heinemann _c1994 |
||
| 300 | _aviii, 328 p. : ill. | ||
| 350 | _a0.00 | ||
| 490 | _aManagement readers | ||
| 650 | _aDIVIDENDS | ||
| 650 | _aCAPITAL ASSETS PRICING MODEL | ||
| 650 | 0 | _aFINANCE--DEVELOPING COUNTRIES | |
| 650 | _aCORPORATIONS--FINANCE | ||
| 650 | _aCAPITAL--COSTS | ||
| 995 |
_aMAIN LIBRARY OPEN ACCESS _D0.00 _e730090 _FCBU-MAIN LIBRARY (Kitwe) _H1 _I45.95 _jHG 173 Str _M1 _UAVAILABLE _y027298 _ZMain Library Open Access Collection |
||
| 995 |
_aANNEX COLLECTION (Main Library) _D0.00 _e730092 _FCBU-MAIN LIBRARY (Kitwe) _H4 _I45.95 _jHG 173 Str _M4 _UAVAILABLE _y027296 _ZAnnex Low-Usage Collection |
||
| 995 |
_aANNEX COLLECTION (Main Library) _D0.00 _e730093 _FCBU-MAIN LIBRARY (Kitwe) _H3 _I45.95 _jHG 173 Str _M3 _UAVAILABLE _y027297 _ZAnnex Low-Usage Collection |
||
| 995 |
_aMAIN LIBRARY OPEN ACCESS _D0.00 _e730091 _FCBU-MAIN LIBRARY (Kitwe) _H2 _I45.95 _jHG 173 Str _M2 _UAVAILABLE _y027299 _ZMain Library Open Access Collection |
||
| 999 |
_c76844 _d76844 |
||